[Event "15th HZ Open"]
[Site "Vlissingen NED"]
[Date "2011.08.02"]
[Round "5"]
[White "Landa, Konstantin"]
[Black "Pavlovic, Milos"]
[Result "1-0"]
[WhiteTitle "GM"]
[BlackTitle "GM"]
[WhiteElo "2628"]
[BlackElo "2541"]
[WhiteFideId "4101685"]
[BlackFideId "900389"]
[EventDate "2011.07.30"]

1. e4 c6 2. Nc3 d5 3. Nf3 dxe4 4. Nxe4 Nf6 5. Nxf6+ exf6 6. Bc4 Qe7+ 7. Qe2 Bg4
8. O-O Nd7 9. Re1 Qxe2 10. Rxe2+ Be7 11. d4 Nf8 12. Bd2 Ne6 13. Rae1 O-O-O 14.
c3 Bd6 15. h3 Bh5 16. g4 Bg6 17. Nh4 Nc7 18. Nf5 h5 19. Nxd6+ Rxd6 20. Bf4 Rd7
21. Bxc7 Kxc7 22. Re8 Rh6 23. Rg8 Kd6 24. Kg2 a5 25. a4 hxg4 26. hxg4 Rh7 27.
Ra8 Bc2 28. Rxa5 Rd8 29. Rh5 Rxh5 30. gxh5 Bxa4 31. Bxf7 Rd7 32. Re6+ Kc7 33.
Be8 Rd8 34. Bg6 Rd7 35. Re8 Bb3 36. Kg3 Kb6 1-0

[Event "15th HZ Open"]
[Site "Vlissingen NED"]
[Date "2011.08.02"]
[Round "5"]
[White "Postny, Evgeny"]
[Black "Deepan, Chakkravarthy J."]
[Result "1-0"]
[WhiteTitle "GM"]
[BlackTitle "GM"]
[WhiteElo "2618"]
[BlackElo "2470"]
[WhiteFideId "2804344"]
[BlackFideId "5011132"]
[EventDate "2011.07.30"]

1. d4 d5 2. c4 c6 3. Nf3 Nf6 4. e3 e6 5. b3 Be7 6. Bd3 O-O 7. O-O b6 8. Bb2 Bb7
9. Nc3 Nbd7 10. Qc2 h6 11. Rad1 Qc7 12. Rfe1 Rad8 13. h3 Rfe8 14. a3 Qb8 15. b4
dxc4 16. Bxc4 c5 17. d5 exd5 18. Nxd5 b5 19. Nxe7+ Rxe7 20. Bxf6 Nxf6 21. Rxd8+
Qxd8 22. Bxb5 Bxf3 23. gxf3 cxb4 24. axb4 Rb7 25. Rd1 Qb8 26. Bc4 Rxb4 27. Qd3
Qf8 28. Ba2 Rb7 29. Qf5 Qe7 30. Qc8+ Kh7 31. Rd8 g6 32. Rf8 Rc7 33. Qb8 Qc5 34.
Bxf7 Qg5+ 1-0

[Event "15th HZ Open"]
[Site "Vlissingen NED"]
[Date "2011.08.02"]
[Round "5"]
[White "Tan, Matthew"]
[Black "L'Ami, Erwin"]
[Result "0-1"]
[WhiteTitle "FM"]
[BlackTitle "GM"]
[WhiteElo "2400"]
[BlackElo "2611"]
[WhiteFideId "1011316"]
[BlackFideId "1007998"]
[EventDate "2011.07.30"]

1. e4 c6 2. d4 d5 3. e5 Bf5 4. h4 h5 5. c4 e6 6. Nc3 Ne7 7. Nge2 Nd7 8. Ng3 Bg6
9. cxd5 cxd5 10. Be2 Nc6 11. Be3 Rc8 12. Kf1 a6 13. f4 Nb6 14. Bf2 Nc4 15. b3
Na3 16. f5 exf5 17. Nxh5 Nb4 18. Rc1 Bxh5 19. Bxh5 g6 20. Be2 Bh6 21. Rh3 Bxc1
22. Qxc1 Nxa2 23. Qxa3 Nxc3 24. h5 g5 25. Bd3 Ne4 0-1

[Event "15th HZ Open"]
[Site "Vlissingen NED"]
[Date "2011.08.02"]
[Round "5"]
[White "Van Eijk, Sander"]
[Black "Hoffmann, Michael1"]
[Result "0-1"]
[WhiteTitle "FM"]
[BlackTitle "GM"]
[WhiteElo "2380"]
[BlackElo "2493"]
[WhiteFideId "1011510"]
[BlackFideId "4601297"]
[EventDate "2011.07.30"]

1. e4 c5 2. Nc3 d6 3. Nf3 a6 4. d4 cxd4 5. Nxd4 Nf6 6. Be3 e5 7. Nb3 Be7 8. f3
Be6 9. Qd2 h5 10. Nd5 Nxd5 11. exd5 Bf5 12. c4 a5 13. Rc1 Nd7 14. Be2 a4 15. Na1
Bh4+ 16. g3 Bf6 17. Nc2 h4 18. g4 Bxc2 19. Rxc2 Qb8 20. c5 dxc5 21. Bb5 b6 22.
Bc6 Ra7 23. d6 g6 24. O-O O-O 25. Rc4 Rd8 26. Bg5 Bxg5 27. Qxg5 Nf8 28. Qxe5 a3
29. Rd1 axb2 30. Qxb2 Rxd6 31. Rxd6 Qxd6 32. Be4 Qd1+ 33. Kg2 Rd7 34. Kh3 Qf1+ 0-1

[Event "15th HZ Open"]
[Site "Vlissingen NED"]
[Date "2011.08.02"]
[Round "5"]
[White "Kuipers, Stefan"]
[Black "Haimovich, Tal"]
[Result "1/2-1/2"]
[WhiteTitle "FM"]
[BlackTitle "IM"]
[WhiteElo "2365"]
[BlackElo "2419"]
[WhiteFideId "1018400"]
[BlackFideId "2801698"]
[EventDate "2011.07.30"]

1. d4 e6 2. c4 f5 3. Nf3 Nf6 4. Nc3 Bb4 5. Bg5 O-O 6. e3 b6 7. Bd3 Bb7 8. O-O
Bxc3 9. bxc3 Qe8 10. Bxf6 Rxf6 11. Qe2 d6 12. e4 Nd7 13. Nd2 f4 14. Bc2 e5 15.
Ba4 c6 16. Rab1 Qe7 17. Rfd1 Re8 18. f3 Rc8 19. c5 dxc5 20. d5 Nf8 21. Nc4 Rh6
22. d6 Qh4 23. Nxe5 Qxh2+ 24. Kf1 Qh1+ 25. Kf2 Qh4+ 26. Kf1 Ne6 27. Bb3 Rd8 28.
Ng4 Qh1+ 29. Kf2 Qh4+ 30. Kg1 1/2-1/2

[Event "15th HZ Open"]
[Site "Vlissingen NED"]
[Date "2011.08.02"]
[Round "5"]
[White "Ikonnikov, Vyacheslav"]
[Black "De Jong, Migchiel"]
[Result "1-0"]
[WhiteTitle "GM"]
[BlackTitle "IM"]
[WhiteElo "2553"]
[BlackElo "2376"]
[WhiteFideId "4100972"]
[BlackFideId "1002848"]
[EventDate "2011.07.30"]

1. d4 e6 2. c4 Bb4+ 3. Bd2 a5 4. Nc3 f5 5. e3 Nf6 6. Bd3 O-O 7. Nge2 d6 8. Qc2
Nc6 9. a3 Bxc3 10. Bxc3 Bd7 11. h3 Ne7 12. O-O a4 13. f3 Ng6 14. Ng3 Qe8 15.
Rae1 b5 16. c5 Qe7 17. e4 f4 18. cxd6 cxd6 19. Nf5 exf5 20. exf5 Qd8 21. fxg6
hxg6 22. Bxg6 Nd5 23. Qe4 Nxc3 24. bxc3 Qg5 25. Qe7 Rf6 26. Bf7+ 1-0

[Event "15th HZ Open"]
[Site "Vlissingen NED"]
[Date "2011.08.02"]
[Round "5"]
[White "Henrichs, Thomas"]
[Black "Nabuurs, Joep"]
[Result "1-0"]
[WhiteTitle "IM"]
[WhiteElo "2475"]
[BlackElo "2218"]
[WhiteFideId "4626605"]
[BlackFideId "1020013"]
[EventDate "2011.07.30"]

1. d4 Nf6 2. c4 e6 3. Nc3 Bb4 4. e3 d5 5. a3 Bxc3+ 6. bxc3 c5 7. cxd5 exd5 8.
Bd3 O-O 9. Ne2 b6 10. O-O Ba6 11. f3 Re8 12. Ng3 Qc8 13. Bxa6 Qxa6 14. e4 Qc4
15. Bg5 dxe4 16. Bxf6 e3 17. Be5 Nc6 18. f4 f6 19. Qf3 fxe5 20. dxe5 Na5 21.
Qxe3 Rad8 22. Rad1 Rxd1 23. Rxd1 Qa4 24. Qf3 Qxa3 25. Nf5 Qb3 26. Nd6 Rb8 27. f5
h6 28. Re1 1-0

[Event "15th HZ Open"]
[Site "Vlissingen NED"]
[Date "2011.08.02"]
[Round "5"]
[White "Hamelink, Desiree"]
[Black "Zaragatski, Ilja"]
[Result "0-1"]
[WhiteTitle "WIM"]
[BlackTitle "IM"]
[WhiteElo "2220"]
[BlackElo "2469"]
[WhiteFideId "1006258"]
[BlackFideId "4655192"]
[EventDate "2011.07.30"]

1. c4 Nf6 2. Nc3 e5 3. g3 d5 4. cxd5 Nxd5 5. Bg2 Nb6 6. Nf3 Nc6 7. O-O Be7 8. b3
O-O 9. Bb2 Re8 10. d3 Bf8 11. Rc1 Bg4 12. Nd2 Qc8 13. Re1 Nd4 14. Nc4 Nxc4 15.
bxc4 Bb4 16. Rb1 c6 17. f3 Bd7 18. e3 Nf5 19. Qb3 Bc5 20. Bc1 Rb8 21. Ne4 Bf8
22. Qa4 b5 23. Qc2 b4 24. c5 a5 25. Bb2 f6 26. d4 exd4 27. Bxd4 Be6 28. Bf1 Nxd4
29. exd4 Qd7 30. Red1 Qf7 31. Rd2 Red8 32. Re1 Bd5 33. g4 h5 34. h3 b3 35. axb3
Rxb3 36. Nc3 Rdb8 37. Nxd5 cxd5 38. Bd3 Qc7 39. Bf1 Qg3+ 0-1

[Event "15th HZ Open"]
[Site "Vlissingen NED"]
[Date "2011.08.02"]
[Round "5"]
[White "Meurs, Tom"]
[Black "Bosboom, Manuel"]
[Result "0-1"]
[BlackTitle "IM"]
[WhiteElo "2217"]
[BlackElo "2399"]
[WhiteFideId "1021176"]
[BlackFideId "1000080"]
[EventDate "2011.07.30"]

1. e4 c5 2. Nf3 d6 3. d4 cxd4 4. Nxd4 Nf6 5. Nc3 a6 6. Bg5 e6 7. f4 Nbd7 8. Qf3
h6 9. Bh4 e5 10. Nf5 exf4 11. Bxf6 Nxf6 12. Qxf4 g6 13. Ne3 Nh5 14. Qf2 Bg7 15.
Be2 Nf6 16. Rd1 Qb6 17. Nc4 Qxf2+ 18. Kxf2 Be6 19. Nb6 Rd8 20. Rd3 Nd7 21. Nxd7
Rxd7 22. Rhd1 h5 23. Rxd6 Rxd6 24. Rxd6 Be5 25. Rd1 Bxh2 26. Na4 Ke7 27. Nc5 Bc8
28. b4 Bc7 29. a4 a5 30. c3 h4 31. Bf3 Bb6 32. Ke2 g5 33. e5 Bxc5 34. bxc5 g4
35. Bd5 Rh5 36. Kf2 Rxe5 37. c4 Kf6 38. Rb1 g3+ 39. Kf1 Bf5 40. Rb3 Be4 41. Bxb7
Bxb7 42. Rxb7 Rxc5 43. Rb6+ Ke5 0-1

[Event "15th HZ Open"]
[Site "Vlissingen NED"]
[Date "2011.08.02"]
[Round "5"]
[White "Leenhouts, Koen"]
[Black "Van Den Berg, Bram"]
[Result "1-0"]
[WhiteTitle "IM"]
[WhiteElo "2397"]
[BlackElo "2206"]
[WhiteFideId "1008439"]
[BlackFideId "1008684"]
[EventDate "2011.07.30"]

1. d4 Nf6 2. Nf3 c5 3. d5 e6 4. c4 d6 5. Nc3 g6 6. g3 Bg7 7. Bg2 O-O 8. O-O Na6
9. dxe6 fxe6 10. Bf4 e5 11. Bg5 h6 12. Bxf6 Bxf6 13. Qd2 Kg7 14. Rfd1 Be7 15.
Nd5 Bf6 16. Nxf6 Rxf6 17. Nxe5 Qg8 18. Bd5 Qf8 19. Nd3 Nc7 20. Nf4 Rb8 21. Qa5
Qd8 22. Bf3 Be6 23. Qxa7 Bxc4 24. Rac1 Ba6 25. Qb6 Qd7 26. b4 Rd8 27. a4 Na8 28.
Qa7 1-0

[Event "15th HZ Open"]
[Site "Vlissingen NED"]
[Date "2011.08.02"]
[Round "5"]
[White "Duchene, Rene"]
[Black "Eisenbeiser, Amadeus"]
[Result "0-1"]
[BlackTitle "IM"]
[WhiteElo "2206"]
[BlackElo "2386"]
[WhiteFideId "1006304"]
[BlackFideId "4678338"]
[EventDate "2011.07.30"]

1. Nf3 f5 2. g3 Nf6 3. Bg2 g6 4. d4 Bg7 5. O-O O-O 6. b3 d6 7. Bb2 Na6 8. Nbd2
c5 9. e3 Rb8 10. Re1 Bd7 11. a4 h6 12. Nc4 Bc6 13. Nh4 Be8 14. Qe2 Kh7 15. Rad1
Qc8 16. dxc5 Nxc5 17. Nf3 b5 18. axb5 Bxb5 19. Nd4 Ba6 20. Nc6 Rb7 21. Bd4 Nfe4
22. Bxc5 Qxc6 23. Bd4 d5 24. Bxg7 Kxg7 25. Ne5 Bxe2 26. Nxc6 Bxd1 27. Rxd1 Rc8
28. Nd4 e5 29. Nf3 Rxc2 30. Nxe5 Rxb3 31. Ra1 Rc7 0-1

[Event "15th HZ Open"]
[Site "Vlissingen NED"]
[Date "2011.08.02"]
[Round "5"]
[White "Bezemer, Arno"]
[Black "Bijlsma, Nick"]
[Result "1-0"]
[WhiteTitle "FM"]
[WhiteElo "2348"]
[BlackElo "2174"]
[WhiteFideId "1001396"]
[BlackFideId "1007041"]
[EventDate "2011.07.30"]

1. e4 c5 2. Nf3 d6 3. d4 cxd4 4. Nxd4 Nf6 5. Nc3 a6 6. Be2 e6 7. O-O Be7 8. f4
O-O 9. Be3 Qc7 10. a4 Nc6 11. Kh1 Re8 12. Qe1 Nxd4 13. Bxd4 e5 14. fxe5 dxe5 15.
Qg3 Bd8 16. Be3 Kh8 17. Bg5 Be6 18. Rad1 Ng8 19. Bc1 Qc6 20. Bd3 Rc8 21. Nd5
Qxa4 22. b3 Qd7 23. Bb2 Bg4 24. Rd2 Rc6 25. Bxe5 Rg6 26. Nf4 Rg5 27. Bc3 Qc8 28.
h4 Qxc3 29. hxg5 Qxd2 30. Qxg4 Re5 31. Qd7 Bxg5 32. Qxf7 Bxf4 33. Rxf4 Qd1+ 34.
Rf1 Qh5+ 35. Kg1 b5 36. Qa7 Nf6 37. Qxa6 h6 38. Qd6 Qg5 39. Qd4 Ng4 40. Be2 Nf6
41. Bf3 Qf4 42. c4 bxc4 43. bxc4 Rg5 44. c5 Qc7 45. Rc1 Qf4 46. Rf1 Qc7 47. c6
Qxc6 48. e5 Qd7 49. Qxd7 Nxd7 50. e6 Nf6 51. Re1 Kg8 52. e7 Kf7 53. Bc6 Ne8 54.
Rf1+ Kxe7 55. Re1+ Kf6 56. Rxe8 Rc5 57. Bf3 Kg5 58. Kf2 h5 59. Rd8 Kf6 60. Rd6+
Ke7 61. Rd5 Rc2+ 62. Kg3 g6 63. Rg5 Kf6 64. Rxg6+ Kxg6 65. Be4+ Kg5 66. Bxc2 h4+
67. Kh3 1-0

[Event "15th HZ Open"]
[Site "Vlissingen NED"]
[Date "2011.08.02"]
[Round "5"]
[White "Fernandez, Daniel Howard"]
[Black "Both, Erik"]
[Result "1-0"]
[WhiteTitle "IM"]
[WhiteElo "2328"]
[BlackElo "2147"]
[WhiteFideId "5801605"]
[BlackFideId "1010999"]
[EventDate "2011.07.30"]

1. e4 c5 2. Nf3 d6 3. d4 cxd4 4. Nxd4 Nf6 5. Nc3 g6 6. Be3 Bg7 7. f3 Nc6 8. Qd2
O-O 9. g4 Be6 10. Nxe6 fxe6 11. Be2 Qa5 12. O-O-O Rfc8 13. Kb1 Ne5 14. Nb5 Qxd2
15. Rxd2 a6 16. Nd4 Kf7 17. g5 Ne8 18. Rdd1 b5 19. Bc1 Nc6 20. Nxc6 Rxc6 21. h4
Nc7 22. h5 Rc8 23. f4 Na8 24. Bd3 Nb6 25. f5 Nd7 26. Rdf1 gxf5 27. exf5 Rh8 28.
fxe6+ 1-0

[Event "15th HZ Open"]
[Site "Vlissingen NED"]
[Date "2011.08.02"]
[Round "5"]
[White "Van Dooren, Dirk"]
[Black "Blom, Vincent"]
[Result "1-0"]
[WhiteTitle "FM"]
[WhiteElo "2290"]
[BlackElo "2126"]
[WhiteFideId "1015761"]
[BlackFideId "1014358"]
[EventDate "2011.07.30"]

1. e4 c5 2. d3 e6 3. f4 d5 4. Be2 Nf6 5. e5 Nfd7 6. Nf3 Nc6 7. c3 Ne7 8. Be3 Nf5
9. Bf2 h5 10. O-O Nb8 11. Na3 Nc6 12. Nc2 b6 13. b4 Bb7 14. Qd2 d4 15. bxc5 Bxc5
16. c4 Be7 17. Qd1 Qd7 18. Nd2 g5 19. fxg5 Bxg5 20. Ne4 Be7 21. Bxh5 Nxe5 22.
Ng3 Qc6 23. Ne4 Nxd3 24. Qxd3 Rxh5 25. Rae1 O-O-O 26. Qf3 Rhh8 27. g4 Ne3 28.
Nxe3 dxe3 29. Rxe3 Rd4 30. Rfe1 f5 31. gxf5 exf5 32. Qxf5+ Qd7 33. Qe5 Rg8+ 34.
Bg3 Bd6 35. Qxd4 Bxe4 36. Qxe4 1-0

[Event "15th HZ Open"]
[Site "Vlissingen NED"]
[Date "2011.08.02"]
[Round "5"]
[White "Brown, Andrew"]
[Black "Tiggelman, Rene"]
[Result "1-0"]
[WhiteTitle "IM"]
[WhiteElo "2202"]
[BlackElo "2233"]
[WhiteFideId "3206513"]
[BlackFideId "1006185"]
[EventDate "2011.07.30"]

1. d4 e6 2. c4 d5 3. Nf3 c5 4. e3 Nf6 5. a3 Nc6 6. dxc5 Bxc5 7. b4 Be7 8. Bb2
O-O 9. Nbd2 dxc4 10. Nxc4 b5 11. Nce5 Nxe5 12. Nxe5 Bb7 13. Bxb5 Qb6 14. Qa4 Bd5
15. Bd4 Qc7 16. O-O Bd6 17. Rac1 Qb8 18. Nc6 Bxh2+ 19. Kh1 Qd6 20. Bc5 Bxg2+ 21.
Kxg2 Qd5+ 22. f3 Qg5+ 23. Kxh2 Nh5 24. Qc2 Rad8 25. Nxd8 Rxd8 26. Qf2 Rd5 27. f4
Nxf4 28. exf4 Qg4 29. Qg3 Qh5+ 30. Kg1 g5 31. Be7 f6 32. Rc8+ Kf7 33. Be8+ 1-0

[Event "15th HZ Open"]
[Site "Vlissingen NED"]
[Date "2011.08.02"]
[Round "5"]
[White "Heltzel, Joost"]
[Black "Brookes, Christopher"]
[Result "0-1"]
[WhiteTitle "CM"]
[WhiteElo "2225"]
[BlackElo "2056"]
[WhiteFideId "1010522"]
[BlackFideId "4669355"]
[EventDate "2011.07.30"]

1. Nf3 Nf6 2. c4 g6 3. d4 Bg7 4. Nc3 d5 5. Qb3 dxc4 6. Qxc4 O-O 7. e4 Nc6 8. Be2
Bg4 9. Be3 Nd7 10. Rd1 Nb6 11. Qc5 Bxf3 12. Bxf3 Qd6 13. Be2 Rfd8 14. Qxd6 cxd6
15. O-O Rac8 16. Bg4 Ra8 17. Be2 Na5 18. b3 Nc6 19. Rd2 f5 20. f3 f4 21. Bf2
Rac8 22. Rc1 e6 23. Rdd1 Kf7 24. Nb5 d5 25. e5 Bf8 26. Bh4 Rd7 27. Bg5 a6 28.
Nd6+ Bxd6 29. exd6 Nxd4 30. Bf1 Rxc1 31. Rxc1 e5 32. Bh4 Nf5 33. Be1 Nxd6 34. g3
d4 35. gxf4 exf4 36. Bh3 Nf5 37. Bxf5 gxf5 38. Bd2 Nd5 39. Kf2 Ne3 40. Ke2 Ke6
41. Kd3 Kd5 42. Rc8 Ng2 43. Rf8 Ke6 44. Re8+ Kf7 45. Rh8 Kg7 46. Re8 Nh4 47.
Bxf4 Nxf3 48. b4 Kf7 49. Rh8 Ke6 50. Re8+ Re7 51. Rd8 Ne5+ 52. Bxe5 Kxe5 53.
Rxd4 Kf6 54. a4 Rc7 55. Ke3 Ke5 56. Rh4 Rc3+ 57. Kf2 Rb3 58. a5 h5 59. Rc4 f4
60. Rc5+ Ke4 61. Rc4+ Kf5 62. h3 h4 63. Rc5+ Ke4 64. Rc4+ Ke5 65. Kg2 Kf5 66.
Rc5+ Ke4 67. Rc4+ Ke3 68. Kh2 Rb2+ 69. Kg1 f3 0-1

[Event "15th HZ Open"]
[Site "Vlissingen NED"]
[Date "2011.08.02"]
[Round "5"]
[White "Porte, Henrik"]
[Black "In't Veld, Daan"]
[Result "1/2-1/2"]
[WhiteElo "2119"]
[BlackElo "2224"]
[WhiteFideId "1016326"]
[BlackFideId "1016270"]
[EventDate "2011.07.30"]

1. d4 f5 2. c4 Nf6 3. Nc3 d6 4. Nf3 g6 5. g3 Bg7 6. Bg2 O-O 7. O-O Qe8 8. d5 a5
9. Nd4 Na6 10. b3 Bd7 11. Bb2 c6 12. Rc1 Nc7 13. Qd2 Ra7 14. Rfd1 h6 15. e4 c5
16. Ne6 Bxe6 17. dxe6 fxe4 18. Nxe4 Nxe4 19. Bxe4 b5 20. Re1 Bxb2 21. Qxb2 Rf6
22. Rcd1 Ra6 23. Re3 Kh7 24. h4 Kg8 25. g4 Rf4 26. f3 Rb6 27. Qh2 Rf8 28. h5
gxh5 29. gxh5 Rf6 30. Bg6 Qc8 31. Bf7+ Kh8 32. Kh1 bxc4 33. bxc4 Qb8 34. Rg1 Rb1
35. Rb3 Rxb3 36. axb3 Nxe6 37. Rg8+ Qxg8 38. Bxg8 Kxg8 39. Qg3+ Kf7 40. Qe1 Rxf3
41. Qxa5 Rh3+ 42. Kg2 Rxh5 43. b4 Rg5+ 44. Kf2 cxb4 45. Qxb4 Rg4 46. Qb1 Rg6 47.
Qd1 Rf6+ 48. Kg3 Rf5 49. Qd3 Ng7 50. Qb3 Rg5+ 51. Kf2 Kg6 52. Qe3 Re5 53. Qg3+
Kf7 54. Qb3 Kf6 55. Kg2 h5 56. Qf3+ Rf5 57. Qc3+ Kg6 58. Qe3 Re5 59. Qf3 Nf5 60.
Qa8 Kg5 61. Kf2 h4 62. Qg8+ Kf4 63. Qh7 Ke4 64. Qg8 Kd4 65. Qg4+ Kc5 66. Kf3 e6
67. Kf2 Re3 68. Qf4 Rc3 69. Qe4 Re3 70. Qf4 h3 71. Kg1 Re2 72. Qf3 Re3 73. Qf4
Re2 74. Kh1 Rg2 75. Qxf5+ exf5 1/2-1/2

[Event "15th HZ Open"]
[Site "Vlissingen NED"]
[Date "2011.08.02"]
[Round "5"]
[White "Haast, Anne"]
[Black "Beijerinck, Nick"]
[Result "1-0"]
[WhiteTitle "WIM"]
[WhiteElo "2223"]
[BlackElo "2052"]
[WhiteFideId "1017292"]
[BlackFideId "1022768"]
[EventDate "2011.07.30"]

1. d4 Nf6 2. Nf3 g6 3. Nc3 Bg7 4. e4 d6 5. Be3 O-O 6. Qd2 a6 7. Bh6 b5 8. Bd3
Bb7 9. h4 Bxh6 10. Qxh6 Ng4 11. Qg5 h5 12. e5 e6 13. Qf4 dxe5 14. dxe5 f5 15.
exf6 Qxf6 16. Qxf6 Rxf6 17. Ne4 Rf4 18. Nfg5 Ne5 19. g3 Rf5 20. O-O Bd5 21. Nc5
Nxd3 22. Nxd3 Nc6 23. Rfe1 Nd4 24. Rac1 Rd8 25. Ne5 Bxa2 26. b3 Rd5 27. Nxg6 Kg7
28. Nf4 Rde5 29. Nfxe6+ Nxe6 30. Nxe6+ Kf6 31. Nxc7 a5 32. Rxe5 Rxe5 33. Ra1
Bxb3 34. cxb3 b4 35. Rd1 Rc5 36. Nd5+ Ke5 37. Ne3 Ke4 38. Nc4 a4 39. Nd6+ Kf3
40. Rd3+ Kg4 1-0

[Event "15th HZ Open"]
[Site "Vlissingen NED"]
[Date "2011.08.02"]
[Round "5"]
[White "De Vleeschauwer, Maarten"]
[Black "Kuling, Lody"]
[Result "1/2-1/2"]
[WhiteElo "1918"]
[BlackElo "2223"]
[WhiteFideId "214809"]
[BlackFideId "1019686"]
[EventDate "2011.07.30"]

1. e4 c5 2. Nc3 g6 3. f4 Bg7 4. Nf3 Nc6 5. Bb5 Nd4 6. Bc4 a6 7. O-O e6 8. d3 Ne7
9. Bb3 O-O 10. Nxd4 cxd4 11. Ne2 Nc6 12. Qe1 d6 13. Qf2 Kh8 14. g4 f5 15. gxf5
exf5 16. Ng3 a5 17. a3 a4 18. Ba2 Ra5 19. Bd2 Rc5 20. Rac1 Qb6 21. b4 axb3 22.
Bxb3 Qd8 23. Qe1 Bd7 24. exf5 Bxf5 25. Nxf5 Rcxf5 26. Be6 R5f6 27. Bd5 g5 28. f5
Rxf5 29. Rxf5 Rxf5 30. Qe6 Qf8 31. Re1 Be5 32. Be4 Rf6 33. Qd7 Rf7 34. Qe6 Rf6
35. Qd7 Rf7 36. Qe6 Nd8 37. Qh3 Qe7 38. Rf1 Rxf1+ 39. Kxf1 Ne6 40. Bxh7 Qxh7 41.
Qxe6 Qxh2 42. Qe8+ 1/2-1/2

[Event "15th HZ Open"]
[Site "Vlissingen NED"]
[Date "2011.08.02"]
[Round "5"]
[White "Boerkamp, Harrie"]
[Black "Dahm, Jochen"]
[Result "0-1"]
[BlackTitle "FM"]
[WhiteElo "2030"]
[BlackElo "2345"]
[WhiteFideId "1041002"]
[BlackFideId "4659350"]
[EventDate "2011.07.30"]

1. e4 e5 2. Nf3 d6 3. Bc4 Be7 4. O-O Nf6 5. d3 Nc6 6. c3 O-O 7. h3 Na5 8. Bb5 a6
9. Ba4 b5 10. Bc2 c5 11. Re1 Nc6 12. Nbd2 Re8 13. Nf1 h6 14. Ne3 Bf8 15. Bd2 d5
16. exd5 Nxd5 17. Nxd5 Qxd5 18. Qe2 Bf5 19. Red1 Rad8 20. Ne1 Qd6 21. Be3 Qg6
22. Kh1 Nd4 23. cxd4 exd4 24. Qf3 dxe3 25. fxe3 Rd6 26. Qf2 Rf6 27. Nf3 Bxh3 28.
gxh3 Qh5 29. Kg2 Rg6+ 30. Kh1 Rxe3 31. d4 Qxh3+ 32. Nh2 Rf6 33. Qg2 Qxg2+ 34.
Kxg2 Re2+ 0-1

[Event "15th HZ Open"]
[Site "Vlissingen NED"]
[Date "2011.08.02"]
[Round "5"]
[White "Eisenbeiser, Karlheinz"]
[Black "Ortmann, David"]
[Result "0-1"]
[BlackTitle "FM"]
[WhiteElo "2017"]
[BlackElo "2322"]
[WhiteFideId "4653360"]
[BlackFideId "4651588"]
[EventDate "2011.07.30"]

1. b3 d5 2. f4 Nf6 3. Bb2 c6 4. Nf3 Bg4 5. e3 Nbd7 6. Be2 Qc7 7. Ne5 Bxe2 8.
Qxe2 g6 9. d3 Bg7 10. Nxd7 Qxd7 11. Nd2 O-O 12. O-O c5 13. Nf3 Rfd8 14. e4 d4
15. a4 b6 16. h3 Nh5 17. Qd2 Bh6 18. Ne5 Qc7 19. Bc1 Nxf4 20. Qf2 Qxe5 21. Kh1
g5 0-1

[Event "15th HZ Open"]
[Site "Vlissingen NED"]
[Date "2011.08.02"]
[Round "5"]
[White "Etxagibel Larranaga, Asier"]
[Black "Provoost, Simon"]
[Result "1/2-1/2"]
[WhiteElo "2017"]
[BlackElo "2295"]
[WhiteFideId "2204797"]
[BlackFideId "1016334"]
[EventDate "2011.07.30"]

1. e4 c5 2. c3 d5 3. exd5 Qxd5 4. d4 Nf6 5. Nf3 Bg4 6. dxc5 Qxc5 7. Be3 Qc7 8.
Nbd2 Nbd7 9. Qc2 e6 10. Bd3 Be7 11. O-O O-O 12. Bg5 h6 13. Bh4 Nc5 14. Bg3 Qd8
15. Nd4 Nxd3 16. Qxd3 Qd5 17. Rfe1 Bf5 18. Qf3 Bh7 19. Nf1 Rfd8 20. Ne3 Qxf3 21.
Nxf3 Ne4 22. Rad1 Nxg3 23. hxg3 Kf8 24. Nd4 Rac8 25. Nb3 Ke8 26. f3 Bd6 27. Kf2
Bc7 28. g4 Bb6 29. Ke2 Ke7 30. Rxd8 Rxd8 31. Rd1 Rxd1 32. Nxd1 f5 33. gxf5 exf5
34. Ne3 Kd7 35. f4 g5 36. g3 Ke6 37. Nd4+ 1/2-1/2

[Event "15th HZ Open"]
[Site "Vlissingen NED"]
[Date "2011.08.02"]
[Round "5"]
[White "Gogollok, Carsten"]
[Black "Admiraal, Miguoel"]
[Result "1/2-1/2"]
[WhiteElo "2004"]
[BlackElo "2246"]
[WhiteFideId "24621277"]
[BlackFideId "1019716"]
[EventDate "2011.07.30"]

1. d4 e6 2. c4 b6 3. Nc3 Bb7 4. e4 Bb4 5. Bd3 f5 6. Qe2 Nf6 7. Bg5 fxe4 8. Bxe4
Bxe4 9. Bxf6 Qxf6 10. Qxe4 Nc6 11. Ne2 Bxc3+ 12. bxc3 O-O 13. O-O Na5 14. c5
bxc5 15. dxc5 Nc6 16. Rad1 Rad8 17. Nd4 Nxd4 18. cxd4 c6 19. Rd3 Rb8 20. Rf3 Qe7
21. Rxf8+ Qxf8 22. Rb1 Qc8 23. g3 Rb7 24. Rxb7 Qxb7 25. Qh4 Qb1+ 1/2-1/2

[Event "15th HZ Open"]
[Site "Vlissingen NED"]
[Date "2011.08.02"]
[Round "5"]
[White "Van Den Berg, Ad"]
[Black "Bolleman, Erik"]
[Result "1/2-1/2"]
[WhiteElo "2244"]
[BlackElo "2042"]
[WhiteFideId "1001426"]
[BlackFideId "1016172"]
[EventDate "2011.07.30"]

1. c4 e6 2. e4 d5 3. exd5 exd5 4. d4 Nf6 5. Nc3 Be7 6. Bd3 O-O 7. Nge2 dxc4 8.
Bxc4 Bf5 9. O-O c6 10. Ng3 Bg6 11. f4 Bc2 12. Qd2 b5 13. Be2 b4 14. Qxc2 Qxd4+
15. Kh1 bxc3 16. Nf5 Qd8 17. Qxc3 Re8 18. Bf3 Bf8 19. Nd4 Ne4 20. Bxe4 Rxe4 21.
Nxc6 Qd5 22. Ne5 Nd7 23. Nxd7 Qxd7 24. f5 Be7 25. Qf3 Qb7 26. Bd2 Bf6 27. Bc3
Bxc3 28. bxc3 Rae8 29. f6 gxf6 30. h3 Qc7 31. Rad1 Qe5 32. Qxf6 Qxf6 33. Rxf6
R8e7 34. Rd4 Re1+ 35. Kh2 Kg7 36. Rc6 f6 37. a4 Rc1 38. a5 h5 39. Rf4 Ree1 40.
h4 Rh1+ 41. Kg3 Ra1 42. Rc7+ Kg6 43. Rxa7 Ra3 44. Rf3 Ra4 45. Ra6 Rhxh4 46.
Raxf6+ Kg7 47. Rf7+ Kg6 48. R3f6+ Kg5 49. a6 Rhg4+ 50. Kf3 Kh4 51. Re7 Rg3+ 52.
Kf2 Rxc3 53. a7 Rc2+ 54. Kg1 Rca2 55. Rg6 Ra1+ 56. Kh2 Rh1+ 57. Kxh1 Ra1+ 1/2-1/2

[Event "15th HZ Open"]
[Site "Vlissingen NED"]
[Date "2011.08.02"]
[Round "5"]
[White "Swijsen, Lars"]
[Black "Laarhoven, Thijs"]
[Result "1-0"]
[WhiteElo "1960"]
[BlackElo "2228"]
[WhiteFideId "211800"]
[BlackFideId "1021265"]
[EventDate "2011.07.30"]

1. d4 d5 2. c4 c6 3. Nf3 Nf6 4. Nc3 dxc4 5. a4 Bf5 6. Ne5 Nbd7 7. Nxc4 Qc7 8. g3
e5 9. dxe5 Nxe5 10. Bf4 Nfd7 11. Bg2 g5 12. Ne3 gxf4 13. Nxf5 O-O-O 14. O-O fxg3
15. hxg3 h5 16. Rc1 Nf6 17. Qc2 Neg4 18. Nb5 Qb6 19. Nfd4 Rxd4 20. Nxd4 Qxd4 21.
Bxc6 Bd6 22. Be8+ Kd8 23. Qc8+ Ke7 24. Qxb7+ Ke6 25. Rc4 Qb6 26. Qxf7+ Ke5 27.
a5 Nh6 28. axb6 Nxf7 29. Bxf7 axb6 30. Rd1 Bc5 31. b4 Be7 32. Rc6 Bxb4 33. Re6+
Kf5 34. e4+ 1-0